000 01151nam a2200301 a 4500
003 OSt
005 20231121114744.0
008 231109s2015 r a|||| |||| 001 0 fre d
020 _a978-92-5-208785-4
040 _cCHAP
_erda
082 0 0 _222
_a338.191724
_bF21f 2015
245 0 0 _aL'État de l'insécurité alimentaire dans le monde 2015 :
_bobjectifs internationaux 2015 de réduction de la faim : des progrès inégaux /
_cpor FAO, FIDA y PAM.
264 1 _aRome :
_bFAO:
_bFIDA:
_bPAM,
_c2015.
300 _a61 páginas:
_bfiguras, cuadros.
336 _2rdacontent
_atexto
_btxt
337 _2rdamedia
_asin medio
_bn
338 _2rdacarrier
_avolumen
_bnc
650 4 _9145461
_aAbastecimientos de alimentos
650 4 _9103673
_aSeguridad alimentaria
650 4 _9143536
_aPolítica nutricional
650 4 _94170
_aAlimentos
_xAspectos económicos
710 2 _9144278
_aOrganización de las Naciones Unidas para la Agricultura y la Alimentación (FAO)
710 2 _942116
_aFondo Internacional de Desarrollo Agrícola (FIDA)
710 2 _992330
_aPrograma Mundial de Alimentos (PMA)
942 _2ddc
942 _2ddc
942 _cLIBRO
999 _c219371
_d219371